[Event "4NCL/Div3/SCS1 vs. ATH"]
[Site "Telford ENG"]
[Date "2005.04.17"]
[Round "8.5"]
[White "Kilpatrick, Callum"]
[Black "Fulton, Anthony R"]
[Result "1-0"]
[WhiteElo "2048"]
[BlackElo "2097"]
[PlyCount "87"]
[EventDate "2005.04.17"]
[EventType "team"]
[EventRounds "11"]
[EventCountry "ENG"]
[SourceDate "2004.09.21"]

1. e4 d6 2. d4 Nf6 3. Nc3 c6 4. f4 Qa5 5. Bd2 e5 6. fxe5 dxe5 7. Nd5 Qd8 8.
Nxf6+ Qxf6 9. Nf3 Nd7 10. Bc3 Qg6 11. dxe5 Qxe4+ 12. Qe2 Qxe2+ 13. Bxe2 Nc5 14.
O-O-O Ne4 15. Bd4 Be6 16. Rhe1 h6 17. Ba6 bxa6 18. Rxe4 Be7 19. Be3 Rb8 20. Ra4
Rb7 21. Rxa6 c5 22. Nd2 O-O 23. Ne4 Rfb8 24. b3 c4 25. Rxa7 Rxa7 26. Bxa7 Ra8
27. Bc5 Bd8 28. Kb2 Bc7 29. Bd6 Bb6 30. Nc3 Bg4 31. Rd5 Be6 32. bxc4 Bxd5 33.
Nxd5 Ba5 34. c5 Ra6 35. c6 Kh7 36. c7 Bxc7 37. Bxc7 Kg6 38. c4 Kf5 39. c5 f6
40. exf6 gxf6 41. Bb6 Ke4 42. Nxf6+ Kd3 43. Kb3 Ra8 44. c6 1-0

[Event "4NCL/Div3/SCS1 vs. ATH"]
[Site "Telford ENG"]
[Date "2005.04.17"]
[Round "8.6"]
[White "Pedersen, Carsten"]
[Black "Sen, Subin"]
[Result "1/2-1/2"]
[WhiteElo "2146"]
[BlackElo "1973"]
[PlyCount "124"]
[EventDate "2005.04.17"]
[EventType "team"]
[EventRounds "11"]
[EventCountry "ENG"]
[SourceDate "2004.09.21"]

1. e4 c5 2. Nc3 d6 3. g3 Nc6 4. Bg2 g6 5. d3 Bg7 6. f4 e5 7. Nf3 Nge7 8. O-O
O-O 9. Nd5 Nxd5 10. exd5 Ne7 11. fxe5 dxe5 12. c4 Qd6 13. Rb1 Bg4 14. h3 Bd7
15. Qe1 b5 16. Nd2 f5 17. a3 a5 18. b4 axb4 19. axb4 cxb4 20. Nb3 bxc4 21. dxc4
e4 22. Bf4 Be5 23. Qd2 Bxf4 24. gxf4 Rfc8 25. Rfc1 Ba4 26. Nd4 Rab8 27. Bf1 b3
28. Kh1 Qb4 29. Qb2 Bd7 30. Rc3 Qd6 31. Qf2 Nxd5 32. Rcxb3 Rxb3 33. Nxb3 Nxf4
34. c5 Qe5 35. Rc1 Bc6 36. Nd4 Bd5 37. Qe3 Ne6 38. Nxe6 Bxe6 39. Bg2 Bd5 40.
Rf1 Bc4 41. Rc1 Qxc5 42. Qf4 Qc7 43. Qd2 Qe7 44. Bf1 Be6 45. Rxc8+ Bxc8 46. Qc3
Be6 47. Qe5 Qf7 48. Kh2 Bd5 49. Qb8+ Kg7 50. Qe5+ Kh6 51. h4 Be6 52. Be2 Bd7
53. Qd4 Bc6 54. Qd6 Bd7 55. Qd4 Qg7 56. Qd2+ g5 57. Qd6+ Qg6 58. hxg5+ Kxg5 59.
Qxd7 Kf4 60. Qd2+ Ke5 61. Qc3+ Kf4 62. Qd2+ Ke5 1/2-1/2

[Event "4NCL/Div3/SCS1 vs. ATH"]
[Site "Telford ENG"]
[Date "2005.04.17"]
[Round "8.7"]
[White "Mooring, Ross A C"]
[Black "Gruettner, Ralf"]
[Result "0-1"]
[WhiteElo "2027"]
[BlackElo "2044"]
[PlyCount "82"]
[EventDate "2005.04.17"]
[EventType "team"]
[EventRounds "11"]
[EventCountry "ENG"]
[SourceDate "2004.09.21"]

1. e4 Nf6 2. Nc3 e5 3. g3 Bc5 4. Bg2 d6 5. Nge2 Nc6 6. O-O a6 7. d3 O-O 8. Bg5
h6 9. Bd2 Be6 10. h3 d5 11. exd5 Nxd5 12. Nxd5 Bxd5 13. Nc3 Bxg2 14. Kxg2 f5
15. f4 Qd7 16. Rc1 Rad8 17. fxe5 Nxe5 18. Bf4 Ng6 19. Qf3 b5 20. a3 Bd4 21. Nd1
c5 22. Kh2 Rde8 23. c3 Be5 24. Nf2 Bxf4 25. gxf4 Qd6 26. Nh1 Kh7 27. Ng3 Nh4
28. Qh5 Qf6 29. Rce1 g6 30. Qd1 Qc6 31. Rf2 Rxe1 32. Qxe1 Nf3+ 33. Rxf3 Qxf3
34. Qe7+ Kg8 35. Qe6+ Kg7 36. Qe5+ Rf6 37. Qe7+ Rf7 38. Qe5+ Kh7 39. Qxc5 Qxf4
40. c4 Qd2+ 41. Kg1 Qxd3 0-1

[Event "4NCL/Div3/SCS1 vs. ATH"]
[Site "Telford ENG"]
[Date "2005.04.17"]
[Round "8.8"]
[White "Gostelow, David W"]
[Black "Lowry-O'Reilly, Hannah"]
[Result "1/2-1/2"]
[WhiteElo "2065"]
[BlackElo "1765"]
[PlyCount "35"]
[EventDate "2005.04.17"]
[EventType "team"]
[EventRounds "11"]
[EventCountry "ENG"]
[SourceDate "2004.09.21"]

{White ineligible player Match score 0-1, rating game only} 1. d4 d5 2. Nf3 Nf6
3. Bf4 e6 4. Nbd2 Bd7 5. e3 Be7 6. Ne5 O-O 7. Bd3 Nc6 8. c3 Rc8 9. Qf3 Nxe5 10.
dxe5 Ne8 11. Qh5 g6 12. Qh6 f6 13. h4 Rf7 14. exf6 Nxf6 15. h5 Ng4 16. hxg6
Nxh6 17. gxf7+ Nxf7 18. Bxh7+ 1/2-1/2

[Event "4NCL/Div3/ATH vs. OXF1"]
[Site "Telford ENG"]
[Date "2005.05.28"]
[Round "9.1"]
[White "Mannion, Stephen R"]
[Black "Bilalic, Merim"]
[Result "1-0"]
[WhiteElo "2329"]
[BlackElo "2292"]
[PlyCount "57"]
[EventDate "2005.05.28"]
[EventType "team"]
[EventRounds "11"]
[EventCountry "ENG"]
[SourceDate "2004.09.21"]

1. e4 Nc6 2. Nf3 f5 3. exf5 d5 4. Bb5 Bxf5 5. Ne5 a6 6. Bxc6+ bxc6 7. d4 e6 8.
Nxc6 Qh4 9. Nc3 Bd6 10. Be3 Nf6 11. Qd2 Ne4 12. Nxe4 Bxe4 13. O-O-O Bxg2 14.
Rhg1 Bf3 15. Rxg7 Bxd1 16. Qxd1 Rf8 17. Qg1 Qf6 18. Rxh7 Rf7 19. Qg8+ Bf8 20.
Ne5 Rxh7 21. Qxh7 Qg7 22. Qh3 Ke7 23. Qf3 Kd8 24. c4 Qg1+ 25. Kc2 Qg8 26. cxd5
exd5 27. Qf5 Qg7 28. Bg5+ Ke8 29. Qe6+ 1-0

[Event "4NCL/Div3/ATH vs. OXF1"]
[Site "Telford ENG"]
[Date "2005.05.28"]
[Round "9.2"]
[White "Savage, Ben D"]
[Black "Orr, Mark J L"]
[Result "1/2-1/2"]
[WhiteElo "2300"]
[BlackElo "2305"]
[PlyCount "107"]
[EventDate "2005.05.28"]
[EventType "team"]
[EventRounds "11"]
[EventCountry "ENG"]
[SourceDate "2004.09.21"]

1. d4 d5 2. Nf3 Nf6 3. c4 c6 4. e3 g6 5. Nbd2 Bg7 6. b3 O-O 7. Bb2 Nbd7 8. h3
c5 9. Be2 b6 10. Ne5 Bb7 11. O-O Nxe5 12. dxe5 Ne4 13. Bf3 Ng5 14. Bxd5 Bxd5
15. cxd5 Qxd5 16. Qe2 Rad8 17. Rfd1 Qd3 18. Kf1 Qxe2+ 19. Kxe2 Rd7 20. f4 Ne6
21. Ne4 Rfd8 22. Rxd7 Rxd7 23. Rd1 Rxd1 24. Kxd1 Kf8 25. Kd2 Ke8 26. Kd3 Kd7
27. g4 Bh6 28. a4 Kc6 29. g5 Bf8 30. Ba3 a5 31. Kc4 Nc7 32. Nc3 e6 33. e4 h6
34. h4 hxg5 35. hxg5 Be7 36. Nd1 Kd7 37. Ne3 Kc6 38. Bb2 Kd7 39. Bc3 Kc6 40.
Ng4 Kd7 41. Bd2 Ke8 42. Nh6 Kf8 43. Kd3 Ke8 44. Ng4 Kd7 45. Ne3 Kc6 46. Nc4 Ne8
47. Ne3 Nc7 48. Ng4 Kd7 49. Nh6 Ke8 50. Kc4 Kf8 51. Be3 Ke8 52. Ng8 Bd8 53. Bf2
Kf8 54. Nh6 1/2-1/2

[Event "4NCL/Div3/ATH vs. OXF1"]
[Site "Telford ENG"]
[Date "2005.05.28"]
[Round "9.3"]
[White "Roberts, Paul"]
[Black "Ozeren, Kemal"]
[Result "1/2-1/2"]
[WhiteElo "2184"]
[BlackElo "2292"]
[PlyCount "94"]
[EventDate "2005.05.28"]
[EventType "team"]
[EventRounds "11"]
[EventCountry "ENG"]
[SourceDate "2004.09.21"]

1. Nf3 Nf6 2. d4 d5 3. e3 Bg4 4. c4 c6 5. Qb3 Qb6 6. Nc3 e6 7. c5 Qc7 8. Ne5
Bf5 9. Be2 h5 10. Bd2 Nbd7 11. f4 Be7 12. O-O Ne4 13. Nxe4 Bxe4 14. Qd1 g6 15.
Be1 f6 16. Nd3 Kf7 17. Bh4 b6 18. cxb6 axb6 19. a3 c5 20. Rc1 Bd6 21. Nf2 Bf5
22. Bd3 Bxd3 23. Nxd3 f5 24. Nf2 Nf6 25. Bxf6 Kxf6 26. Nd3 c4 27. Qe1 Qe7 28.
Ne5 Bxe5 29. fxe5+ Kg7 30. h4 b5 31. Rc2 Rhb8 32. Rf3 b4 33. axb4 Qxb4 34. Qg3
Ra1+ 35. Kh2 Qe7 36. e4 dxe4 37. Rfc3 Ra4 38. Rxc4 Rxc4 39. Rxc4 Rxb2 40. d5 f4
41. Qxf4 exd5 42. Rc6 Rb7 43. Rf6 Qe8 44. Rd6 Rf7 45. Qg3 Rd7 46. e6 Rxd6 47.
Qxd6 Kf6 1/2-1/2

[Event "4NCL/Div3/ATH vs. OXF1"]
[Site "Telford ENG"]
[Date "2005.05.28"]
[Round "9.4"]
[White "Madsen, Dag"]
[Black "Johansson, Toni"]
[Result "1-0"]
[WhiteElo "2292"]
[BlackElo "2143"]
[PlyCount "119"]
[EventDate "2005.05.28"]
[EventType "team"]
[EventRounds "11"]
[EventCountry "ENG"]
[SourceDate "2004.09.21"]

1. Nf3 c5 2. c4 Nc6 3. Nc3 g6 4. e3 Bg7 5. d4 cxd4 6. exd4 d6 7. Be2 Bg4 8. d5
Bxf3 9. Bxf3 Ne5 10. Be2 Nf6 11. f4 Ned7 12. Be3 O-O 13. O-O a6 14. Rc1 Rc8 15.
Qd2 Qc7 16. Kh1 b6 17. Rfe1 Qb7 18. a4 Nc5 19. Qd1 a5 20. Bf3 Nfd7 21. b3 Rce8
22. Nb5 Qb8 23. Rb1 Na6 24. Nd4 Qc7 25. Nc6 e5 26. dxe6 fxe6 27. Nd4 Ndc5 28.
Nb5 Qb8 29. Qxd6 Qxd6 30. Nxd6 Rd8 31. Red1 Nb4 32. Bg4 Nbd3 33. Bxe6+ Nxe6 34.
Rxd3 Nxf4 35. Rdd1 Be5 36. Nb5 Rxd1+ 37. Rxd1 Rf6 38. g3 Ne2 39. Rd5 Re6 40.
Bxb6 Bxg3 41. Bxa5 Bh4 42. Nd4 Nxd4 43. Rxd4 Bf6 44. Rd3 Re2 45. Bc3 Bg5 46.
Rf3 Be3 47. b4 g5 48. h3 h5 49. c5 Bf4 50. b5 Bh2 51. Rf5 g4 52. hxg4 h4 53. c6
Bc7 54. Rh5 Rc2 55. Rh8+ Kf7 56. Rh7+ Kg6 57. Rxc7 Rxc3 58. b6 Kg5 59. b7 Kf4
60. Rf7+ 1-0

[Event "4NCL/Div3/ATH vs. OXF1"]
[Site "Telford ENG"]
[Date "2005.05.28"]
[Round "9.5"]
[White "Dalmau, Anneli"]
[Black "Smallbone, Kieran"]
[Result "0-1"]
[WhiteElo "2074"]
[BlackElo "2170"]
[PlyCount "100"]
[EventDate "2005.05.28"]
[EventType "team"]
[EventRounds "11"]
[EventCountry "ENG"]
[SourceDate "2004.09.21"]

1. e4 c6 2. d4 d5 3. exd5 cxd5 4. Bd3 Nc6 5. c3 Qc7 6. Qb3 Nxd4 7. Qxd5 e5 8.
Bb5+ Nxb5 9. Qxb5+ Bd7 10. Qe2 Nf6 11. Nf3 e4 12. Nd4 Bc5 13. Nd2 O-O 14. N2b3
Bg4 15. Qc4 Bd6 16. Qxc7 Bxc7 17. O-O Nd5 18. Nc5 Rfe8 19. Nxb7 Nf4 20. Nc5
Rad8 21. Be3 Rd5 22. b4 Be5 23. Ncb3 Rc8 24. h3 Bh5 25. Nf5 Ne2+ 26. Kh1 Bf6
27. g4 Bg6 28. Rad1 Rxd1 29. Rxd1 Nxc3 30. Nd6 Rb8 31. Rd2 Rxb4 32. Bxa7 Ra4
33. Bd4 Bxd4 34. Rxd4 Rxd4 35. Nxd4 Nxa2 36. Kg2 Kf8 37. N4f5 Bxf5 38. Nxf5 g6
39. Nd6 Nc3 40. g5 Ke7 41. Nc4 Ke6 42. Kg3 Nd1 43. Ne3 Nxe3 44. fxe3 Kf5 45. h4
Ke5 46. Kg4 Kd6 47. Kf4 Kd5 48. Kg3 Kc4 49. Kg4 Kc3 50. Kg3 Kd2 0-1

[Event "4NCL/Div3/ATH vs. OXF1"]
[Site "Telford ENG"]
[Date "2005.05.28"]
[Round "9.6"]
[White "Milovanovic, Aleksander"]
[Black "Gruettner, Ralf"]
[Result "1-0"]
[WhiteElo "2155"]
[BlackElo "2044"]
[PlyCount "81"]
[EventDate "2005.05.28"]
[EventType "team"]
[EventRounds "11"]
[EventCountry "ENG"]
[SourceDate "2004.09.21"]

1. d4 Nf6 2. c4 g6 3. Nc3 Bg7 4. Bg5 c5 5. d5 d6 6. Nf3 O-O 7. Nd2 Qb6 8. Qc2
e5 9. e4 Nbd7 10. Be2 h6 11. Be3 Ne8 12. g4 a6 13. a3 Qd8 14. h4 Ndf6 15. f3
Nc7 16. b4 b6 17. Nf1 Nd7 18. Ng3 cxb4 19. axb4 a5 20. Nb5 axb4 21. Rxa8 Nxa8
22. Qd2 Kh7 23. h5 g5 24. Nxd6 Nc5 25. Nxc8 Qxc8 26. Qxb4 Re8 27. O-O Bf8 28.
Qb5 Rd8 29. Ra1 Qb8 30. Rb1 Qa7 31. Nf5 Qa3 32. Qb2 Qxb2 33. Rxb2 Rb8 34. d6
Rd8 35. Bxc5 bxc5 36. Rb7 Kg8 37. Bd1 Rc8 38. Ba4 Rd8 39. Bc6 Bxd6 40. Nxh6+
Kg7 41. Nxf7 1-0

[Event "4NCL/Div3/ATH vs. OXF1"]
[Site "Telford ENG"]
[Date "2005.05.28"]
[Round "9.7"]
[White "McKeown, Paul"]
[Black "Rawlinson, Aidan"]
[Result "1/2-1/2"]
[WhiteElo "2095"]
[BlackElo "2173"]
[PlyCount "64"]
[EventDate "2005.05.28"]
[EventType "team"]
[EventRounds "11"]
[EventCountry "ENG"]
[SourceDate "2004.09.21"]

1. d4 f5 2. g3 Nf6 3. Bg2 g6 4. Nf3 Bg7 5. O-O O-O 6. c4 d6 7. Nc3 c6 8. d5 e5
9. dxe6 Bxe6 10. Qd3 Nbd7 11. Ng5 Qe7 12. Nxe6 Qxe6 13. b3 Nc5 14. Qc2 Nfe4 15.
Bb2 Nxc3 16. Bxc3 Bxc3 17. Qxc3 f4 18. Qd4 fxg3 19. hxg3 {=} Rf6 20. b4 Nd7 21.
b5 Ne5 22. bxc6 Nxc6 23. Qb2 Qe7 24. Rab1 Nd8 {=} 25. Bd5+ Kg7 26. Rfd1 Rc8 27.
Rd3 Rc7 28. Re3 Qf8 29. Qd4 Nc6 30. Bxc6 bxc6 31. Reb3 Qf7 32. Rb8 c5 1/2-1/2

[Event "4NCL/Div3/SWD2 vs. SCS1"]
[Site "Telford ENG"]
[Date "2005.05.28"]
[Round "9.1"]
[White "Spice, Alan"]
[Black "Dickinson, Timothy R"]
[Result "1-0"]
[WhiteElo "2182"]
[BlackElo "2176"]
[PlyCount "23"]
[EventDate "2005.05.28"]
[EventType "team"]
[EventRounds "11"]
[EventCountry "ENG"]
[SourceDate "2004.09.21"]

1. Nc3 d5 2. e4 d4 3. Nce2 e5 4. Ng3 Nc6 5. Bb5 Nge7 6. Nf3 a6 7. Ba4 b5 8. Bb3
h5 9. Ng5 Be6 10. Bxe6 fxe6 11. Qf3 Qd7 12. Qf7+ 1-0

[Event "4NCL/Div3/SWD2 vs. SCS1"]
[Site "Telford ENG"]
[Date "2005.05.28"]
[Round "9.2"]
[White "Reynolds, D Ian"]
[Black "Trevelyan, John"]
[Result "1-0"]
[WhiteElo "2101"]
[BlackElo "2200"]
[PlyCount "163"]
[EventDate "2005.05.28"]
[EventType "team"]
[EventRounds "11"]
[EventCountry "ENG"]
[SourceDate "2004.09.21"]

1. e4 d6 2. d4 e5 3. Nf3 Nd7 4. Bc4 c6 5. Nc3 Be7 6. dxe5 dxe5 7. Ng5 Bxg5 8.
Qh5 Qe7 9. Qxg5 Qxg5 10. Bxg5 Ngf6 11. f3 b5 12. Be2 Nc5 13. O-O-O b4 14. Nb1
Be6 15. b3 Ke7 16. Rd2 Rhd8 17. Rhd1 Rxd2 18. Nxd2 h6 19. Be3 Nfd7 20. Nc4 Bxc4
21. Bxc4 Ne6 22. Kb2 c5 23. Ra1 Nd4 24. a3 Nb6 25. Ba6 Rd8 26. axb4 cxb4 27.
Bd3 Ra8 28. Ra5 Kd6 29. Bxd4 exd4 30. Rb5 Kc6 31. Rxb4 Rd8 32. Rb5 f6 33. Ra5
Kb7 34. e5 fxe5 35. Be4+ Kb8 36. Rxe5 Kc7 37. Re7+ Rd7 38. Rxd7+ Kxd7 39. c3
dxc3+ 40. Kxc3 a5 41. Bc2 Kd6 42. Kd4 Nd5 43. g3 Nb6 44. f4 Nd5 45. Bd3 Nb6 46.
Bb5 Nd5 47. Be8 Nb6 48. Ba4 Nd5 49. Kc4 Nc7 50. Bb5 Ne6 51. Be8 Nc7 52. Ba4 h5
53. h4 Nd5 54. Be8 Nf6 55. Bg6 Kc6 56. Bf5 Kb6 57. Kd4 Kb5 58. Ke5 Kb4 59. Be6
Kc5 60. Kf5 Kd6 61. Bc4 Ke7 62. Bd3 Kf7 63. Kg5 Ke7 64. Bg6 Nd5 65. Bxh5 Nc3
66. Kg6 Kf8 67. Bf3 a4 68. bxa4 Nxa4 69. h5 Nc5 70. h6 gxh6 71. Kxh6 Ne6 72.
Bd5 Ng7 73. g4 Ne8 74. g5 Ng7 75. Kg6 Ne8 76. f5 Nd6 77. f6 Nf7 78. Ba2 Nd6 79.
Kh7 Ne4 80. Kh6 Nd6 81. Bd5 Ne8 82. Kh7 1-0

[Event "4NCL/Div3/SWD2 vs. SCS1"]
[Site "Telford ENG"]
[Date "2005.05.28"]
[Round "9.3"]
[White "Powell, Lloyd"]
[Black "Kilpatrick, Callum"]
[Result "1-0"]
[WhiteElo "2155"]
[BlackElo "2048"]
[PlyCount "47"]
[EventDate "2005.05.28"]
[EventType "team"]
[EventRounds "11"]
[EventCountry "ENG"]
[SourceDate "2004.09.21"]

1. d4 Nf6 2. c4 g6 3. Nc3 Bg7 4. e4 d6 5. Be2 O-O 6. Nf3 e5 7. O-O exd4 8. Nxd4
Re8 9. f3 c6 10. Kh1 Nfd7 11. Be3 Nc5 12. Qd2 Qe7 13. Rad1 f5 14. Bg5 Qe5 15.
exf5 Bxf5 16. Nxf5 Qxf5 17. Bh6 Be5 18. f4 Bxc3 19. Qxc3 Qf7 20. Bf3 Re6 21. f5
gxf5 22. Bh5 Qf6 23. Rxf5 Qxh6 24. Bf7+ 1-0

[Event "4NCL/Div3/SWD2 vs. SCS1"]
[Site "Telford ENG"]
[Date "2005.05.28"]
[Round "9.4"]
[White "Heard, Andrew H"]
[Black "May, Frank"]
[Result "0-1"]
[WhiteElo "1980"]
[BlackElo "2144"]
[PlyCount "78"]
[EventDate "2005.05.28"]
[EventType "team"]
[EventRounds "11"]
[EventCountry "ENG"]
[SourceDate "2004.09.21"]

1. Nf3 d5 2. c4 e6 3. g3 Nf6 4. Bg2 Be7 5. O-O O-O 6. Qc2 Nbd7 7. d3 c6 8. Nc3
Re8 9. e4 dxe4 10. dxe4 e5 11. Nh4 Nc5 12. Rd1 Qc7 13. Nf5 Bf8 14. Bg5 Nfd7 15.
Qd2 Ne6 16. Be3 Nf6 17. Bf3 Rd8 18. Qe2 Bd7 19. a3 Be8 20. Rxd8 Rxd8 21. Rd1 g6
22. Nh6+ Kg7 23. Ng4 Nxg4 24. Bxg4 Nd4 25. Bxd4 exd4 26. Nb1 a5 27. Nd2 Bd7 28.
Nb3 Bxg4 29. Qxg4 Qb6 30. Rd3 a4 31. Nd2 Qxb2 32. Qg5 Rd7 33. Qe5+ Kg8 34. Kg2
c5 35. Qe8 Qc2 36. Qxd7 Qxd3 37. Nf3 Qxe4 38. Qxa4 g5 39. h3 h5 0-1

[Event "4NCL/Div3/SWD2 vs. SCS1"]
[Site "Telford ENG"]
[Date "2005.05.28"]
[Round "9.5"]
[White "Brown, Alan M"]
[Black "Lutton, J Arnold"]
[Result "1-0"]
[WhiteElo "2136"]
[BlackElo "1950"]
[PlyCount "113"]
[EventDate "2005.05.28"]
[EventType "team"]
[EventRounds "11"]
[EventCountry "ENG"]
[SourceDate "2004.09.21"]

1. d4 e6 2. c4 Nf6 3. Nc3 Bb4 4. Qc2 c5 5. dxc5 Nc6 6. Nf3 O-O 7. Bd2 Bxc5 8.
e3 b6 9. Be2 Bb7 10. O-O a6 11. a3 Qc7 12. h3 Rac8 13. Na4 Ne5 14. Nxe5 Qxe5
15. Nxc5 Rxc5 16. f4 Qc7 17. Bb4 Nd5 18. Bxc5 Qxc5 19. Qd3 Qxe3+ 20. Rf2 Qxd3
21. Bxd3 Nf6 22. Re1 d6 23. Rd2 Rd8 24. Bc2 Kf8 25. Red1 Ke7 26. Rd4 h6 27. b4
Ne8 28. Ba4 Nc7 29. c5 Nd5 30. cxd6+ Rxd6 31. Bb3 Rd7 32. Rc1 Ne3 33. Rxd7+
Kxd7 34. g3 f6 35. Bxe6+ Kd6 36. Kf2 Nd5 37. Bxd5 Bxd5 38. Rc8 Kd7 39. Rb8 Kc7
40. Rh8 Kc6 41. Rh7 Kb5 42. Rxg7 Ka4 43. Rd7 Bc4 44. Rd6 Kxa3 45. Rxb6 Bb5 46.
Rxf6 Kxb4 47. Ke3 a5 48. Kd2 a4 49. Kc2 a3 50. Kb1 Bc4 51. Rxh6 Kc5 52. g4 Kd4
53. g5 Ke4 54. Rf6 Kf3 55. g6 Kg3 56. g7 Kxh3 57. Rf8 1-0

[Event "4NCL/Div3/SWD2 vs. SCS1"]
[Site "Telford ENG"]
[Date "2005.05.28"]
[Round "9.6"]
[White "Hardy-Wallace, Daniel"]
[Black "Sully, David"]
[Result "0-1"]
[WhiteElo "1740"]
[BlackElo "2130"]
[PlyCount "62"]
[EventDate "2005.05.28"]
[EventType "team"]
[EventRounds "11"]
[EventCountry "ENG"]
[SourceDate "2004.09.21"]

1. d4 e6 2. c4 b6 3. Nf3 Bb7 4. Nc3 Bb4 5. Qc2 f5 6. a3 Bxc3+ 7. Qxc3 Nf6 8.
Bg5 O-O 9. g3 d6 10. Bg2 Nbd7 11. O-O Qe8 12. Bxf6 Nxf6 13. Rfd1 Qh5 14. h3
Rae8 15. b4 g5 16. d5 e5 17. Ra2 g4 18. Nh4 f4 19. hxg4 Nxg4 20. e4 fxe3 21.
fxe3 Nxe3 22. Re1 Nxg2 23. Kxg2 c6 24. Rd2 cxd5 25. cxd5 Rc8 26. Qe3 Rc4 27.
Rh1 Rd4 28. Rxd4 exd4 29. Qe6+ Rf7 30. Qe8+ Kg7 31. Qb5 Qxd5+ 0-1

[Event "4NCL/Div3/SWD2 vs. SCS1"]
[Site "Telford ENG"]
[Date "2005.05.28"]
[Round "9.7"]
[White "van Kemenade, Rudy"]
[Black "Clarke, Sean A"]
[Result "1-0"]
[WhiteElo "2087"]
[BlackElo "1685"]
[PlyCount "41"]
[EventDate "2005.05.28"]
[EventType "team"]
[EventRounds "11"]
[EventCountry "ENG"]
[SourceDate "2004.09.21"]

1. d4 c5 2. d5 Nf6 3. Nc3 d6 4. e4 a6 5. a4 g6 6. Nf3 Bg7 7. Be2 Ng4 8. O-O
Bxc3 9. bxc3 Nd7 10. Nd2 Ngf6 11. f4 Nb6 12. a5 Nbd7 13. Bf3 Qc7 14. c4 h5 15.
Bb2 e5 16. dxe6 fxe6 17. e5 dxe5 18. fxe5 Ng8 19. Ne4 Nxe5 20. Nd6+ Kd7 21.
Bxe5 1-0

[Event "4NCL/Div3/SWD2 vs. SCS1"]
[Site "Telford ENG"]
[Date "2005.05.28"]
[Round "9.8"]
[White "Tourbassova, Sasha"]
[Black "Hughes, Beryl"]
[Result "0-1"]
[WhiteElo "1720"]
[BlackElo "1653"]
[PlyCount "74"]
[EventDate "2005.05.28"]
[EventType "team"]
[EventRounds "11"]
[EventCountry "ENG"]
[SourceDate "2004.09.21"]

1. e4 e6 2. d4 d5 3. exd5 exd5 4. Nf3 Bd6 5. c3 Ne7 6. Be3 Bf5 7. Nbd2 Qd7 8.
h3 Nbc6 9. Qb3 Rb8 10. g4 Bg6 11. Bg2 f6 12. O-O-O Na5 13. Rhe1 Nxb3+ 14. Nxb3
Qa4 15. Nfd2 O-O 16. f4 Qxa2 17. f5 Bf7 18. Kc2 Qa6 19. h4 Bg3 20. Ra1 Qd6 21.
Rh1 Nc6 22. Raf1 Rfe8 23. Rf3 Rxe3 24. Rxe3 Bf4 25. Re2 Bxd2 26. Nxd2 Re8 27.
Kd3 Rxe2 28. Kxe2 Ne7 29. Bf3 c5 30. Nb3 cxd4 31. Nxd4 Qa6+ 32. Kd2 Nc6 33. Nb3
Qb6 34. Bd1 d4 35. Nxd4 Nxd4 36. cxd4 Qxd4+ 37. Kc1 Qe3+ 0-1

[Event "4NCL/Div3/WES2 vs. FCA1"]
[Site "Telford ENG"]
[Date "2005.05.28"]
[Round "9.1"]
[White "Hopkins, Jamie R"]
[Black "Macdonald-Ross, Michael"]
[Result "1/2-1/2"]
[WhiteElo "2152"]
[BlackElo "2206"]
[PlyCount "85"]
[EventDate "2005.05.28"]
[EventType "team"]
[EventRounds "11"]
[EventCountry "ENG"]
[SourceDate "2004.09.21"]

1. c4 d6 2. g3 g6 3. Bg2 Bg7 4. Nc3 c5 5. Nf3 Nc6 6. d3 Nf6 7. O-O O-O 8. a3
Bd7 9. Bd2 Qc8 10. Rb1 Bh3 11. b4 Bxg2 12. Kxg2 b6 13. b5 Nd4 14. e3 Ne6 15. e4
{=} Nd7 16. Nd5 Re8 17. Ne1 Nd4 18. f4 e6 19. Nc3 Qb7 20. Nf3 f5 21. Re1 Nf6
22. h3 Re7 23. exf5 gxf5 24. Kf2 Rae8 25. Nxd4 cxd4 26. Ne2 Nd7 27. Bb4 Nc5 28.
Bxc5 bxc5 29. Qa4 e5 30. Qa6 Qb6 31. a4 e4 32. Nc1 d5 33. cxd5 Rd8 34. Qxb6
axb6 35. g4 Rxd5 36. gxf5 e3+ 37. Ke2 Ra7 38. Ra1 Rxf5 39. Rf1 Kf7 40. Nb3 Ke6
41. a5 bxa5 42. Nxa5 Raf7 43. Nc4 1/2-1/2

[Event "4NCL/Div3/WES2 vs. FCA1"]
[Site "Telford ENG"]
[Date "2005.05.28"]
[Round "9.2"]
[White "Smith, Graham"]
[Black "Rutter, Nicholas"]
[Result "1/2-1/2"]
[WhiteElo "2118"]
[BlackElo "2136"]
[PlyCount "37"]
[EventDate "2005.05.28"]
[EventType "team"]
[EventRounds "11"]
[EventCountry "ENG"]
[SourceDate "2004.09.21"]

1. e4 c5 2. Nc3 Nc6 3. Nf3 Nf6 4. Bb5 Qc7 5. O-O Nd4 6. Re1 a6 7. Bf1 e5 8. d3
h6 9. Nd5 Nxd5 10. exd5 d6 11. c3 Nxf3+ 12. Qxf3 Be7 13. Be3 O-O 14. d4 f5 15.
dxe5 dxe5 16. Bc4 Bd6 17. Qh5 Qf7 18. Qxf7+ Kxf7 19. a4 1/2-1/2

[Event "4NCL/Div3/WES2 vs. FCA1"]
[Site "Telford ENG"]
[Date "2005.05.28"]
[Round "9.3"]
[White "Gregory, Keith D"]
[Black "Constantinou, Peter"]
[Result "1/2-1/2"]
[WhiteElo "2099"]
[BlackElo "2123"]
[PlyCount "34"]
[EventDate "2005.05.28"]
[EventType "team"]
[EventRounds "11"]
[EventCountry "ENG"]
[SourceDate "2004.09.21"]

1. Nf3 g6 2. g3 Bg7 3. Bg2 Nf6 4. O-O O-O 5. c4 c6 6. d4 d6 7. Nc3 Nbd7 8. e4
e5 9. h3 Qe7 10. Re1 Re8 11. b3 Nf8 12. Bb2 Nh5 13. Qd2 Ne6 14. Ne2 Qc7 15. Nh2
Nf6 16. d5 Nc5 17. Nc3 cxd5 1/2-1/2

[Event "4NCL/Div3/WES2 vs. FCA1"]
[Site "Telford ENG"]
[Date "2005.05.28"]
[Round "9.4"]
[White "Reuben, Stewart"]
[Black "Pye, David E"]
[Result "1-0"]
[WhiteElo "2142"]
[BlackElo "2157"]
[PlyCount "59"]
[EventDate "2005.05.28"]
[EventType "team"]
[EventRounds "11"]
[EventCountry "ENG"]
[SourceDate "2004.09.21"]

1. c4 e5 2. g3 Nc6 3. Bg2 d6 4. Nc3 Be6 5. Nd5 Qd7 6. Qa4 Nge7 7. d3 Rc8 8. Be3
Nd4 9. Qxd7+ Kxd7 10. Kd2 c6 11. Nf4 g6 12. Nxe6 fxe6 13. g4 Bg7 14. Rb1 h6 15.
Nf3 Nxf3+ 16. Bxf3 b6 17. b4 d5 18. Kc2 Rc7 19. a4 c5 20. bxc5 bxc5 21. Rb5 e4
22. dxe4 d4 23. Bf4 e5 24. Bd2 a6 25. Rb6 Rc6 26. Rhb1 Kd6 27. Rb7 Bf6 28. Ba5
Ra8 29. g5 Bxg5 30. Bg4 1-0

[Event "4NCL/Div3/WES2 vs. FCA1"]
[Site "Telford ENG"]
[Date "2005.05.28"]
[Round "9.5"]
[White "Pym, Thomas W"]
[Black "Freeman, Richard C P"]
[Result "1-0"]
[WhiteElo "2111"]
[BlackElo "2117"]
[PlyCount "81"]
[EventDate "2005.05.28"]
[EventType "team"]
[EventRounds "11"]
[EventCountry "ENG"]
[SourceDate "2004.09.21"]

1. e4 c5 2. Nf3 g6 3. d4 Bg7 4. Nc3 cxd4 5. Nxd4 Nc6 6. Be3 Nf6 7. Bc4 Na5 8.
Bxf7+ Kxf7 9. e5 Nc4 10. exf6 Nxe3 11. fxe3 Bxf6 12. Qf3 Kg7 13. O-O-O Bxd4 14.
Rxd4 Rf8 15. Qg3 d6 16. Rhd1 Be6 17. Qh4 Bg8 18. Qh3 Qc8 19. g4 h6 20. Qh4 Qc7
21. e4 Rac8 22. R4d3 g5 23. Qe1 b5 24. Qd2 Qc5 25. Rd4 Rf4 26. Re1 Rcf8 27. Nd5
Rf2 28. Qd1 e6 29. Ne3 Rd8 30. Rh1 Bh7 31. h4 e5 32. Rd3 Bxe4 33. Rh3 Bxd3 34.
Qxd3 Qb4 35. hxg5 Qe1+ 36. Nd1 e4 37. Qd4+ Kf7 38. Qxf2+ Qxf2 39. Nxf2 hxg5 40.
Nxe4 Kg6 41. Rh5 1-0